Statistics for 3-Letter Words Containing T

Click here to take the quiz!

General Stats

  • This quiz has been taken 247 times
    (225 since last reset)
  • The average score is 77 of 102

Answer Stats

word% Correct
tan
92%
rat
90%
top
90%
fat
89%
tab
89%
tag
89%
bat
88%
bit
88%
cat
88%
sat
88%
tad
88%
tap
88%
tit
88%
lot
87%
pot
87%
tar
87%
tin
87%
tot
87%
but
86%
hat
86%
not
86%
tea
86%
ton
86%
bet
85%
fit
85%
mat
85%
pit
85%
put
85%
sit
85%
tat
85%
pat
84%
hot
83%
too
83%
wet
83%
ate
82%
get
82%
got
82%
hit
82%
lit
82%
rot
82%
ten
82%
tip
82%
net
81%
nut
81%
wit
81%
met
80%
pet
80%
bot
79%
cut
79%
eat
79%
hut
79%
nit
79%
let
78%
set
78%
tic
78%
dot
77%
the
77%
rut
76%
tee
76%
tut
76%
gut
75%
cot
74%
kit
74%
tom
74%
toy
74%
yet
74%
jet
73%
tow
73%
ant
72%
git
71%
jut
71%
tao
71%
tub
71%
vat
71%
vet
70%
act
69%
art
69%
toe
69%
tug
69%
jot
68%
lat
68%
taj
68%
tie
68%
tor
68%
wat
68%
oat
67%
out
67%
two
66%
zit
66%
het
65%
tax
65%
try
65%
apt
60%
tho
60%
thy
60%
opt
57%
aft
56%
tux
49%
its
44%
sty
41%
tui
40%
eta
32%

Score Distribution

Percentile by Number Answered

Percent of People with Each Score

Your Score History

You have not taken this quiz since the last reset